000 00276nam a22001217a 4500
008 181218b xxu||||| |||| 00| 0 eng d
041 _aeng
080 _a941
100 _a17
101 _aHIS
245 _aTexas and the Was with Mexico
_cAmerican Heritage
942 _2udc
_cBK
999 _c53447
_d53447